[Event "Politiken Cup 2011"]
[Site "Helsingor"]
[Date "2011.08.01"]
[Round "4.138"]
[White "Hviid, Hans Henrik"]
[Black "Salomonson, Sixten"]
[Result "0-1"]
[WhiteElo "1319"]
[BlackElo "1742"]
[PlyCount "26"]
[EventDate "2011.??.??"]
[WhiteTeam "Hillerød"]
[BlackTeam "HG Schack Helsingborg"]

1. e4 d5 2. exd5 Nf6 3. c4 c6 4. dxc6 Nxc6 5. Nc3 e5 6. b3 Bf5 7. Nf3 Bc5 8. a3
Ng4 9. Qe2 Bxf2+ 10. Kd1 Ne3+ 11. Qxe3 Bxe3 12. Nd5 Bd4 13. Rb1 Bxb1 0-1

[Event "Politiken Cup 2011"]
[Site "Helsingor"]
[Date "2011.08.01"]
[Round "4.139"]
[White "Ostby, Martin Bergsjo"]
[Black "Lindholm, Lars"]
[Result "1/2-1/2"]
[WhiteElo "1288"]
[BlackElo "1722"]
[PlyCount "128"]
[EventDate "2011.??.??"]
[WhiteTeam "Oslo Schackselskab"]
[BlackTeam "HaSS"]

1. e4 g6 2. d4 Nf6 3. Nc3 d5 4. e5 Nh5 5. Be2 Nc6 6. Be3 Ng7 7. Nf3 Nf5 8. Bf4
a6 9. O-O Bg7 10. Qd2 h5 11. Nd1 Be6 12. Ne3 f6 13. Nxf5 Bxf5 14. Rfe1 Qd7 15.
Bd3 O-O-O 16. e6 Bxe6 17. Bxg6 Kb8 18. Qe3 Bf5 19. Nh4 e5 20. Bxf5 exf4 21.
Qxf4 Qf7 22. Be6 Bh6 23. Qxh6 Qxe6 24. Rxe6 Rxh6 25. Nf5 Rg6 26. Rxc6 bxc6 27.
Ne7 Rdg8 28. Nxg6 Rxg6 29. f3 f5 30. Re1 h4 31. Re5 h3 32. g3 Rf6 33. Kf2 Kb7
34. Ke3 f4+ 35. gxf4 Rg6 36. Rg5 Re6+ 37. Kd2 Rf6 38. f5 Kb6 39. Rh5 c5 40.
dxc5+ Kxc5 41. Rxh3 Rxf5 42. Rg3 Kc4 43. Rg4+ d4 44. b3+ Kd5 45. f4 Ke4 46. Ke2
c5 47. h4 a5 48. Rg5 Rxf4 49. h5 a4 50. Rxc5 Rh4 51. bxa4 Rh2+ 52. Kd1 d3 53.
cxd3+ Kxd3 54. Rd5+ Kc4 55. Rg5 Rxa2 56. Ke1 Kd3 57. a5 Ke3 58. Kf1 Kf3 59. Kg1
Ra1+ 60. Kh2 Ra2+ 61. Kh3 Ra1 62. Rg3+ Kf4 63. Kh4 Rh1+ 64. Rh3 Rg1 1/2-1/2

[Event "Politiken Cup 2011"]
[Site "Helsingor"]
[Date "2011.08.01"]
[Round "4.140"]
[White "Svane, Kristian"]
[Black "Wallin, Kenneth"]
[Result "0-1"]
[WhiteElo "1000"]
[BlackElo "1710"]
[PlyCount "66"]
[EventDate "2011.??.??"]
[WhiteTeam "Lübecker Schackverein"]
[BlackTeam "HASK Helsingborg"]

1. Nf3 Nf6 2. g3 d5 3. Bg2 c5 4. O-O Nc6 5. d3 Bf5 6. Nbd2 Qd7 7. Qe1 Bh3 8. e4
Bxg2 9. Kxg2 e5 10. b3 Be7 11. Bb2 Qd6 12. c3 O-O 13. Qb1 Nh5 14. Re1 f5 15. a4
fxe4 16. dxe4 Rf6 17. Rd1 Raf8 18. exd5 Qxd5 19. Ne4 Qxb3 20. Nxf6+ Nxf6 21.
Ng5 h6 22. Nf3 e4 23. Nd2 Qf7 24. Rf1 Qd5 25. Qe1 Ne5 26. Qe2 c4 27. Rfe1 Nd3
28. Reb1 Bc5 29. Ba3 Bxa3 30. Rxa3 e3+ 31. Nf3 exf2 32. Rb5 Qc6 33. h4 Re8 0-1

[Event "Politiken Cup 2011"]
[Site "Helsingor"]
[Date "2011.08.01"]
[Round "4.141"]
[White "Thingstad, Tormod"]
[Black "Svane, Frederik"]
[Result "0-1"]
[WhiteElo "1144"]
[BlackElo "1699"]
[PlyCount "97"]
[EventDate "2011.??.??"]
[WhiteTeam "Hønefoss"]
[BlackTeam "Lübecker Schackverein"]

1. c4 e5 2. Nc3 Nf6 3. g3 d5 4. cxd5 Nxd5 5. Bg2 Nb6 6. Nf3 Nc6 7. O-O Be7 8.
a3 Be6 9. b4 Rb8 10. Bb2 O-O 11. Qc2 f6 12. Rad1 Bc4 13. d3 Be6 14. Rfe1 a6 15.
Rd2 Qd7 16. Red1 Nd4 17. Nxd4 exd4 18. Ne4 Na4 19. Rc1 Nxb2 20. Qxb2 b6 21.
Rdc2 Rfc8 22. Nd2 c5 23. b5 Qxb5 24. Qxb5 axb5 25. e3 dxe3 26. fxe3 Rd8 27. d4
c4 28. Ra1 Rdc8 29. d5 Bf7 30. e4 Ra8 31. Rca2 Ra5 32. Bf3 Rc7 33. Bd1 Rca7 34.
a4 Bc5+ 35. Kf1 Bd4 36. Rb1 h6 37. Nf3 Bc3 38. Nh4 g6 39. Ng2 Be8 40. Nf4 b4
41. Be2 b5 42. Rc2 Rxa4 43. Ne6 Ra1 44. Rxa1 Rxa1+ 45. Kg2 b3 46. Rxc3 b2 47.
Nc7 b1=Q 48. Nxe8 Qxe4+ 49. Bf3 0-1

[Event "Politiken Cup 2011"]
[Site "Helsingor"]
[Date "2011.08.01"]
[Round "4.142"]
[White "Clausen, Hansjorgen"]
[Black "Andreassen, Espen"]
[Result "1/2-1/2"]
[WhiteElo "1675"]
[BlackElo "1000"]
[PlyCount "114"]
[EventDate "2011.??.??"]
[WhiteTeam "Gråsten"]
[BlackTeam "Sevland"]

1. d4 d5 2. Nf3 Nf6 3. e3 e6 4. c4 Be7 5. Nc3 Nbd7 6. Be2 b6 7. cxd5 exd5 8.
Bd2 c5 9. Bb5 O-O 10. Bc6 Rb8 11. Nxd5 Nxd5 12. Bxd5 Ba6 13. Qa4 Qc8 14. Qc6
Nf6 15. Bc3 Nxd5 16. Qxd5 Rd8 17. Qe4 Re8 18. h3 Bb7 19. Qg4 Qxg4 20. hxg4 Bxf3
21. gxf3 h6 22. dxc5 Bxc5 23. b4 Be7 24. a3 a6 25. Ke2 Red8 26. Bd4 b5 27. Rac1
Rbc8 28. Rhd1 Bh4 29. Rxc8 Rxc8 30. Bc5 Bf6 31. Rd3 a5 32. f4 a4 33. e4 Bb2 34.
e5 Bc1 35. Kf3 g6 36. Ke4 Re8 37. Bd6 Kg7 38. Rd5 Bxa3 39. Rxb5 Ra8 40. Rb7 Kg8
41. f5 Bb2 42. fxg6 fxg6 43. b5 a3 44. Bxa3 Bxa3 45. Kd5 Rc8 46. f3 Bc1 47. e6
Bg5 48. Kd6 Rd8+ 49. Rd7 Re8 50. b6 Bf4+ 51. Kd5 g5 52. b7 Kf8 53. Rh7 Kg8 54.
Rf7 Bg3 55. Rd7 Kf8 56. Rf7+ Kg8 57. Rd7 Kf8 1/2-1/2

[Event "Politiken Cup 2011"]
[Site "Helsingor"]
[Date "2011.08.01"]
[Round "4.143"]
[White "Bratteteig, Tore-Inge"]
[Black "Løndalen, Sindre"]
[Result "1-0"]
[WhiteElo "1671"]
[BlackElo "1000"]
[PlyCount "57"]
[EventDate "2011.??.??"]
[WhiteTeam "Masfjorden"]
[BlackTeam "Sevland"]

1. d4 d5 2. Nf3 Nc6 3. e3 Bf5 4. a3 a6 5. c4 Bxb1 6. Rxb1 dxc4 7. Bxc4 e6 8. b4
b5 9. Bd3 Nf6 10. Qc2 Qd5 11. Bb2 a5 12. Rc1 Ra6 13. e4 Qh5 14. e5 Nd5 15. Bxb5
Bxb4+ 16. axb4 O-O 17. Bxa6 Ncxb4 18. Qc4 Qg4 19. Kf1 Nf4 20. Rg1 Rb8 21. Qxc7
Rf8 22. Qxa5 Nbd3 23. Bxd3 Nxd3 24. Qc3 Qe4 25. Qc2 f6 26. Rd1 fxe5 27. Qxd3
Qb7 28. Ng5 Qxb2 29. Qxh7# 1-0

[Event "Politiken Cup 2011"]
[Site "Helsingor"]
[Date "2011.08.01"]
[Round "4.145"]
[White "Jensen, Torben Brieghel"]
[Black "Nielsen, Bjørn"]
[Result "1-0"]
[WhiteElo "1098"]
[BlackElo "1619"]
[PlyCount "69"]
[EventDate "2011.??.??"]
[WhiteTeam "Hillerød"]
[BlackTeam "KS"]

1. Nf3 Nc6 2. g3 e5 3. d3 Nf6 4. e4 Bc5 5. Qe2 O-O 6. Be3 Be7 7. Nc3 d6 8. Bg2
Be6 9. Ng5 d5 10. exd5 Nxd5 11. Qh5 Bxg5 12. Bxg5 Nf6 13. Qh4 Bf5 14. O-O-O Rb8
15. Be4 Nd4 16. Nd5 Bxe4 17. dxe4 Kh8 18. Nxf6 Qxf6 19. Bxf6 gxf6 20. Qxf6+ Kg8
21. Qxe5 Ne6 22. f4 Rbc8 23. f5 Nd8 24. Rhf1 Nc6 25. Qc3 f6 26. Qc4+ Kh8 27.
Rf4 Ne5 28. Qe2 b6 29. Qh5 h6 30. Qxh6+ Kg8 31. Rh4 Kf7 32. Qh7+ Ke8 33. Qg7
Nf7 34. Qxf6 Rd8 35. Qe6# 1-0

[Event "Politiken Cup 2011"]
[Site "Helsingor"]
[Date "2011.08.01"]
[Round "4.146"]
[White "Kristensen, Lars Østergaard"]
[Black "Thybo, Jan"]
[Result "1-0"]
[WhiteElo "1544"]
[BlackElo "1042"]
[PlyCount "99"]
[EventDate "2011.??.??"]
[WhiteTeam "Lyngby.Virum"]
[BlackTeam "Morsø"]

1. e4 e5 2. Nf3 Nc6 3. Bb5 Nf6 4. d4 d6 5. dxe5 dxe5 6. Qxd8+ Kxd8 7. Bg5 Be7
8. Nc3 Nd4 9. O-O-O Bg4 10. Nxe5 Bxd1 11. Nxf7+ Kc8 12. Nxh8 Nxb5 13. Nxb5 Bh5
14. e5 c6 15. exf6 gxf6 16. Nd6+ Kc7 17. Nhf7 fxg5 18. Nf5 Bxf7 19. Nxe7 Bxa2
20. b3 Re8 21. Nf5 Re2 22. Rf1 Re5 23. Ne3 h5 24. Kb2 Ra5 25. Ra1 g4 26. Rxa2
Re5 27. Rxa7 Re4 28. Ra4 Re6 29. Ra5 b5 30. Ra7+ Kd6 31. Rh7 Re5 32. Kc3 c5 33.
Kd3 Re8 34. Rxh5 Rd8 35. Ke4 Kc6 36. Rh6+ Kb7 37. Nxg4 Rd4+ 38. Kf3 c4 39. Ke3
Rxg4 40. g3 cxb3 41. cxb3 Rb4 42. Kd2 Rxb3 43. f4 Rf3 44. Ke2 Rc3 45. f5 b4 46.
Kd2 Rc5 47. f6 Rc6 48. Rh7+ Kb6 49. f7 Rf6 50. Rh6 1-0

[Event "Politiken Cup 2011"]
[Site "Helsingor"]
[Date "2011.08.01"]
[Round "4.147"]
[White "Svane, Troels"]
[Black "Brastein, Ragner"]
[Result "0-1"]
[WhiteElo "1500"]
[BlackElo "1000"]
[PlyCount "68"]
[EventDate "2011.??.??"]
[WhiteTeam "Lubecker Schachverein"]
[BlackTeam "Sandness"]

1. Nf3 d5 2. g3 Nf6 3. Bg2 Bf5 4. O-O e6 5. Nd4 Bg6 6. d3 c5 7. Nf3 Bd6 8. Nc3
O-O 9. Nb5 Nc6 10. Nxd6 Qxd6 11. b3 h6 12. Ba3 b6 13. Bb2 Qe7 14. Ne5 Nxe5 15.
Bxe5 Rac8 16. Rc1 Rfd8 17. Qe1 b5 18. Bxf6 Qxf6 19. Qa5 b4 20. Qxa7 Qc3 21.
Rfe1 Ra8 22. Qc7 Rdc8 23. Qb7 Qb2 24. e4 d4 25. e5 Qxa2 26. Qd7 Rab8 27. Ra1
Qxc2 28. Ra7 Rf8 29. Rea1 Qxd3 30. Ra8 Be4 31. R8a7 Bxg2 32. Kxg2 Qxb3 33. Rc7
Qd5+ 34. Kg1 Qxd7 0-1

[Event "Politiken Cup 2011"]
[Site "Helsingor"]
[Date "2011.08.01"]
[Round "4.148"]
[White "Andreassen, Jonas"]
[Black "Elzubeir, Omar"]
[Result "0-1"]
[WhiteElo "1000"]
[BlackElo "1497"]
[PlyCount "54"]
[EventDate "2011.??.??"]
[WhiteTeam "Sevland"]
[BlackTeam "Frederiksværk"]

1. e4 e5 2. Nf3 Nc6 3. d4 exd4 4. Bc4 Bb4+ 5. c3 dxc3 6. Nxc3 Bxc3+ 7. bxc3 d6
8. Ng5 Ne5 9. Qd4 Qf6 10. f4 Nxc4 11. Qxc4 h6 12. Nf3 Qe7 13. Rb1 b6 14. Qc6+
Kd8 15. Qxa8 Nf6 16. Nd4 Kd7 17. Qxa7 Qxe4+ 18. Ne2 Qxb1 19. O-O Qb5 20. Nd4
Qc4 21. Rf3 Re8 22. Nc2 Re2 23. Re3 Rxc2 24. Qa3 Ba6 25. Rf3 Rxa2 26. Qb4 Qe2
27. Qb2 Qe1+ 0-1

[Event "Politiken Cup 2011"]
[Site "Helsingor"]
[Date "2011.08.01"]
[Round "4.149"]
[White "Edvardsson, Hannu K"]
[Black "Dyrhaug, Erling Skjolas"]
[Result "0-1"]
[WhiteElo "1482"]
[BlackElo "1000"]
[PlyCount "58"]
[EventDate "2011.??.??"]
[BlackTeam "Stavanger"]

1. e4 e6 2. Nf3 d5 3. exd5 exd5 4. Be2 Bd6 5. d4 Nf6 6. O-O Be6 7. Nc3 Nbd7 8.
Be3 O-O 9. Nb5 h6 10. Nxd6 cxd6 11. Bf4 Qb6 12. b3 Rac8 13. Rc1 Ne4 14. c4 dxc4
15. Bxc4 Bxc4 16. Rxc4 Rxc4 17. bxc4 Ndf6 18. Re1 Re8 19. Qb1 Qxb1 20. Rxb1 b6
21. h3 Rc8 22. Rb4 d5 23. cxd5 Nxd5 24. g3 Nxb4 25. a4 f6 26. Nh2 Nc3 27. a5
Ne2+ 28. Kg2 Nxf4+ 29. gxf4 bxa5 0-1

[Event "Politiken Cup 2011"]
[Site "Helsingor"]
[Date "2011.08.01"]
[Round "4.150"]
[White "Lindgaard, Tobias"]
[Black "Haukenes, Jonas"]
[Result "1-0"]
[WhiteElo "1434"]
[BlackElo "1000"]
[PlyCount "63"]
[EventDate "2011.??.??"]
[WhiteTeam "Ribe"]
[BlackTeam "Hamar"]

1. Nf3 Nc6 2. d4 d5 3. Bf4 Bg4 4. Nc3 Nf6 5. Ne5 Nxd4 6. Qxd4 Be6 7. e3 g6 8.
Nb5 b6 9. Nc6 Qd7 10. Nxc7+ Qxc7 11. Bxc7 Rc8 12. Bg3 Rxc6 13. Bb5 Bd7 14. Bxc6
Bxc6 15. O-O-O e6 16. c4 Ba4 17. b3 Bc6 18. f3 Bg7 19. e4 O-O 20. e5 Nd7 21. f4
Kh8 22. h4 Kg8 23. h5 Kh8 24. Qd3 Kg8 25. hxg6 fxg6 26. Rdf1 h5 27. Qxg6 Kh8
28. Rxh5+ Kg8 29. Rh7 Rf7 30. f5 Nxe5 31. Bxe5 Kf8 32. Bxg7+ 1-0

[Event "Politiken Cup 2011"]
[Site "Helsingor"]
[Date "2011.08.01"]
[Round "4.151"]
[White "Rasmussen, Arne"]
[Black "Svane, Freja"]
[Result "1-0"]
[WhiteElo "1409"]
[BlackElo "1000"]
[PlyCount "83"]
[EventDate "2011.??.??"]
[WhiteTeam "Ishøj"]
[BlackTeam "Lübecker Schackverein"]

1. d4 d5 2. Nf3 Bg4 3. Nbd2 Nc6 4. e3 Qd7 5. a3 O-O-O 6. Be2 Kb8 7. O-O Nf6 8.
b3 Qf5 9. h3 Bxh3 10. gxh3 Qxh3 11. Nh2 e6 12. Bg4 Nxg4 13. Qxg4 Qxg4+ 14. Nxg4
h5 15. Ne5 Nxe5 16. dxe5 g5 17. Nf3 g4 18. Nh2 d4 19. Bb2 Bc5 20. b4 Bb6 21.
exd4 Bxd4 22. Bxd4 Rxd4 23. Rad1 Re4 24. Rfe1 Rf4 25. c3 h4 26. Rd4 Rxd4 27.
cxd4 Rg8 28. Re4 f5 29. exf6 g3 30. Rxh4 gxf2+ 31. Kxf2 Rf8 32. Rh6 a6 33. Nf3
Ka7 34. Ne5 Rd8 35. Ke3 Rb8 36. f7 Ka8 37. Rxe6 Ka7 38. Re8 Rxe8 39. fxe8=Q c6
40. Nd7 a5 41. Qd8 axb4 42. Qa5# 1-0

[Event "Politiken Cup 2011"]
[Site "Helsingor"]
[Date "2011.08.01"]
[Round "4.152"]
[White "Brobakken, Jørgen"]
[Black "Petersen, Jan"]
[Result "0-1"]
[WhiteElo "1000"]
[BlackElo "1396"]
[PlyCount "54"]
[EventDate "2011.??.??"]
[WhiteTeam "Hamar"]
[BlackTeam "Helsingør"]

1. Nf3 d5 2. g3 c5 3. d3 Nc6 4. Nbd2 e5 5. Bg2 Nf6 6. O-O Bd6 7. c3 O-O 8. Re1
Bg4 9. Qc2 d4 10. e4 dxe3 11. Rxe3 Nd5 12. Re4 Bf5 13. Re1 Nb6 14. Nh4 Bd7 15.
Ne4 Be7 16. Nf3 Bg4 17. d4 Bxf3 18. Bxf3 cxd4 19. cxd4 Nxd4 20. Qd3 Rc8 21. Nd2
Nc2 22. Bxb7 Qxd3 23. Be4 Nxe1 24. Bxd3 Nxd3 25. Nb3 Nxc1 26. Nxc1 Rfd8 27. Ne2
Rc2 0-1

[Event "Politiken Cup 2011"]
[Site "Helsingor"]
[Date "2011.08.01"]
[Round "4.153"]
[White "Haukenes, Elias"]
[Black "Brobakken, Sindre"]
[Result "0-1"]
[WhiteElo "1000"]
[BlackElo "1317"]
[PlyCount "74"]
[EventDate "2011.??.??"]
[WhiteTeam "Hamar"]
[BlackTeam "Hamar"]

1. d4 Nf6 2. g3 g6 3. Bg2 Bg7 4. Nf3 d6 5. O-O Nbd7 6. Bg5 O-O 7. Nbd2 c6 8. e4
Qc7 9. Re1 e5 10. c4 Re8 11. d5 h6 12. Bxf6 Nxf6 13. b4 Qb6 14. Rb1 Ng4 15. Re2
f5 16. a4 a5 17. b5 c5 18. h3 Nf6 19. Nb3 Nxe4 20. Nh4 Nc3 21. Qc2 Nxe2+ 22.
Qxe2 g5 23. Ng6 Kh7 24. Qh5 Qc7 25. Re1 Qf7 26. Bf3 Qxg6 27. Qxg6+ Kxg6 28. Bd1
h5 29. g4 fxg4 30. hxg4 Bxg4 31. f3 Bf5 32. Kg2 g4 33. Kg3 gxf3 34. Bxf3 e4 35.
Be2 Kg5 36. Kh2 e3 37. Rg1+ Bg4 0-1

[Event "Politiken Cup 2011"]
[Site "Helsingor"]
[Date "2011.08.01"]
[Round "4.154"]
[White "Hjornevik, Oyvind"]
[Black "Jorgensen, Jens A. L"]
[Result "0-1"]
[WhiteElo "1000"]
[BlackElo "1264"]
[PlyCount "76"]
[EventDate "2011.??.??"]
[WhiteTeam "Sandness"]
[BlackTeam "Viby"]

1. e4 e6 2. Nf3 b6 3. Nc3 Bb7 4. Bc4 h6 5. d3 Nf6 6. Bf4 a6 7. O-O Be7 8. d4 d5
9. exd5 exd5 10. Bd3 O-O 11. Ne2 Nbd7 12. c3 c5 13. b3 Rc8 14. Bb1 c4 15. b4
Re8 16. h3 Nh5 17. Qc2 Ndf6 18. Be5 g6 19. g4 Ng7 20. Ng3 Qd7 21. Nh2 Rc6 22.
h4 Nxg4 23. f3 Ne3 24. Qe2 Nxf1 25. Kxf1 Bxh4 26. Qc2 Bxg3 27. Bxg3 Nf5 28. Kf2
Rce6 29. Be5 f6 30. Ng4 fxe5 31. dxe5 Qe7 32. Nf6+ Rxf6 33. exf6 Qe3+ 34. Kg2
Nh4+ 35. Kh3 Qg5 36. f4 Re3+ 37. Kh2 Qg3+ 38. Kh1 Re1# 0-1

[Event "Politiken Cup 2011"]
[Site "Helsingor"]
[Date "2011.08.01"]
[Round "4.155"]
[White "Svane, Minna"]
[Black "Merkesvik, Frode"]
[Result "0-1"]
[WhiteElo "1000"]
[BlackElo "1112"]
[PlyCount "48"]
[EventDate "2011.??.??"]
[WhiteTeam "Lubecker Schachverein"]
[BlackTeam "Bergen"]

1. Nf3 c6 2. g3 d6 3. Bg2 Nf6 4. d3 Nbd7 5. O-O Qc7 6. Nbd2 e5 7. e4 Be7 8. b3
O-O 9. Bb2 b5 10. Qe2 a5 11. a3 Nc5 12. d4 Ncd7 13. c3 Bb7 14. a4 bxa4 15. Rxa4
c5 16. Rc1 Bc6 17. Ra3 cxd4 18. cxd4 Qb7 19. d5 Bb5 20. Qe3 Ng4 21. Qc3 Qb6 22.
h3 Qxf2+ 23. Kh1 Ne3 24. Nc4 Qxg2# 0-1

[Event "Politiken Cup 2011"]
[Site "Helsingor"]
[Date "2011.07.31"]
[Round "3.1"]
[White "Nielsen, Peter Heine"]
[Black "Carstensen, Jacob"]
[Result "1-0"]
[WhiteElo "2681"]
[BlackElo "2391"]
[PlyCount "67"]
[EventDate "2011.??.??"]
[WhiteTeam "Skanderborg"]
[BlackTeam "Brønshøj"]

1. d4 Nf6 2. c4 e6 3. Nf3 d5 4. Nc3 c6 5. Bg5 h6 6. Bh4 Be7 7. e3 Ne4 8. Bxe7
Qxe7 9. Nxe4 dxe4 10. Nd2 f5 11. c5 O-O 12. Nc4 Nd7 13. b4 b6 14. Nd6 a5 15.
Qa4 b5 16. Qb3 axb4 17. Be2 Kh8 18. O-O Nf6 19. Qxb4 e5 20. Rfd1 Nd5 21. Qb2 f4
22. exf4 Nxf4 23. Nxe4 exd4 24. Rxd4 Bf5 25. Bf3 Bxe4 26. Rxe4 Qxc5 27. Re3 Nd5
28. Re6 Kg8 29. Qb3 Kh8 30. Qb2 Kg8 31. Rd1 Rfd8 32. h4 Qc3 33. Re8+ Kh7 34.
Qxc3 1-0

[Event "Politiken Cup 2011"]
[Site "Helsingor"]
[Date "2011.07.31"]
[Round "3.2"]
[White "Lund, Silas"]
[Black "Bu, Xiangzhi"]
[Result "0-1"]
[WhiteElo "2388"]
[BlackElo "2675"]
[PlyCount "92"]
[EventDate "2011.??.??"]
[WhiteTeam "Enkeltmedlem"]
[BlackTeam "Shangdon"]

1. d4 Nf6 2. c4 e6 3. Nc3 Bb4 4. e3 O-O 5. Bd3 d5 6. Nf3 c5 7. O-O Nc6 8. a3
Bxc3 9. bxc3 Qc7 10. cxd5 exd5 11. a4 Re8 12. Ba3 c4 13. Bc2 Ne4 14. Bxe4 Rxe4
15. Nd2 Rh4 16. g3 Rh6 17. Qf3 Be6 18. Rfb1 Rd8 19. Rb5 Qd7 20. Rab1 b6 21. Re1
Rf6 22. Qh1 Bf5 23. e4 Bxe4 24. Nxe4 Re6 25. Re3 Rxe4 26. Rxe4 dxe4 27. Qxe4
Re8 28. Rd5 Qc8 29. Qf5 Re6 30. Qb1 g6 31. Rd6 Re8 32. Rf6 Na5 33. Qd1 Nb3 34.
d5 Qd7 35. d6 Re5 36. Rf4 Kg7 37. Rxc4 Qe6 38. Qxb3 Re1+ 39. Kg2 Qd5+ 40. Kh3
Qf5+ 41. Kg2 Qd5+ 42. Kh3 Re5 43. Qb4 a5 44. Qxb6 Rh5+ 45. Rh4 Rxh4+ 46. gxh4
Qf3# 0-1

[Event "Politiken Cup 2011"]
[Site "Helsingor"]
[Date "2011.07.31"]
[Round "3.4"]
[White "Svane, Rasmus"]
[Black "Fridman, Daniel"]
[Result "0-1"]
[WhiteElo "2346"]
[BlackElo "2659"]
[PlyCount "90"]
[EventDate "2011.??.??"]
[WhiteTeam "Lübecker Schachverein von 1873"]
[BlackTeam "Mulheim"]

1. d4 e6 2. c4 Bb4+ 3. Nc3 c5 4. Nf3 Nf6 5. g3 Nc6 6. d5 Na5 7. Qd3 b6 8. a3
Bxc3+ 9. Qxc3 exd5 10. cxd5 O-O 11. b4 cxb4 12. axb4 Nxd5 13. Qd4 Nb3 14. Qxd5
Nxa1 15. Bb2 Nc2+ 16. Kd2 Ba6 17. Kxc2 Rc8+ 18. Kb1 Qc7 19. Qd4 Qc2+ 20. Ka1 f6
21. e4 Bxf1 22. Rxf1 Qe2 23. Qd1 Qxe4 24. Qb3+ Qe6 25. Qd3 Rc4 26. Re1 Qf7 27.
Qd6 Rc6 28. Qe7 Qd5 29. Qe4 Qxe4 30. Rxe4 Rc2 31. Re7 Rxf2 32. Nd4 Rf7 33. Re8+
Rf8 34. Re7 h5 35. Rxd7 Rf7 36. Rd8+ Rf8 37. Rd7 Rf7 38. Rd8+ Kh7 39. h4 Re7
40. Rd5 Kg6 41. Ka2 Re3 42. Rd7 Rd3 43. Ne6 Rxd7 44. Nf8+ Kf5 45. Nxd7 Rf3 0-1

[Event "Politiken Cup 2011"]
[Site "Helsingor"]
[Date "2011.07.31"]
[Round "3.5"]
[White "Gustafsson, Jan"]
[Black "Giffard, Nicolas"]
[Result "1-0"]
[WhiteElo "2634"]
[BlackElo "2342"]
[PlyCount "97"]
[EventDate "2011.??.??"]
[BlackTeam "Drancy"]

1. c4 Nf6 2. Nc3 c5 3. Nf3 g6 4. d4 cxd4 5. Nxd4 Bg7 6. e4 d6 7. Be2 Nc6 8. Nc2
Be6 9. O-O Rc8 10. Rb1 Ne5 11. b3 a6 12. f4 Nc6 13. Bd2 O-O 14. Kh1 Ne8 15. Nd5
f5 16. Bd3 b5 17. exf5 Bxf5 18. Bxf5 gxf5 19. Qe2 Rb8 20. Ncb4 Nxb4 21. Nxe7+
Kh8 22. Bxb4 Qd7 23. Nd5 Nf6 24. Nxf6 Rxf6 25. Bc3 Rg6 26. Bxg7+ Qxg7 27. cxb5
axb5 28. Rbd1 Qb7 29. Qb2+ Kg8 30. Rfe1 b4 31. Re2 Rc8 32. Qd4 Qb5 33. Qd2 Qc5
34. h3 Kf7 35. Qd5+ Kf8 36. Kh2 Rf6 37. Qf3 h6 38. Qh5 Qb5 39. Rde1 Qd7 40. Qh4
Kf7 41. Qf2 Qb7 42. Qd4 Rc7 43. Qd1 Rg6 44. Qd3 Rf6 45. Re8 Qc6 46. Qe2 Kg7 47.
Qh5 Rcf7 48. R1e3 Rg6 49. Rg8+ 1-0

[Event "Politiken Cup 2011"]
[Site "Helsingor"]
[Date "2011.07.31"]
[Round "3.6"]
[White "Korley, Kassa"]
[Black "Kurnosov, Igor"]
[Result "0-1"]
[WhiteElo "2326"]
[BlackElo "2633"]
[PlyCount "134"]
[EventDate "2011.??.??"]
[WhiteTeam "Marshall"]

1. e4 c5 2. Nf3 d6 3. d4 cxd4 4. Nxd4 Nf6 5. Nc3 e6 6. Be3 Be7 7. Be2 O-O 8.
O-O Nc6 9. f4 a6 10. a4 Qc7 11. Nb3 b6 12. Bf3 Bb7 13. Qe2 Rfe8 14. Rad1 Rab8
15. Rd2 Bf8 16. Rfd1 Na5 17. Nxa5 bxa5 18. Ba7 Rbc8 19. Bd4 Nd7 20. Qf2 Nc5 21.
Bxc5 Qxc5 22. Qxc5 Rxc5 23. Kf2 Rec8 24. Ra1 Rc4 25. Ra3 g6 26. Rb3 R8c7 27.
Be2 Rb4 28. Bd3 Bg7 29. Rxb4 axb4 30. Nd1 Bd4+ 31. Kf1 Kf8 32. b3 Ke7 33. g3 a5
34. Ke2 f5 35. exf5 gxf5 36. Ne3 Bxe3 37. Kxe3 Rc3 38. Kd4 Kf6 39. Re2 Bf3 40.
Re1 h6 41. h3 Bg2 42. g4 Bxh3 43. gxf5 Bxf5 44. Rh1 e5+ 45. fxe5+ dxe5+ 46. Kd5
Bxd3 47. cxd3 Rxd3+ 48. Kc4 Rc3+ 49. Kb5 Rxb3 50. Rxh6+ Kg5 51. Rh8 e4 52. Kxa5
e3 53. Kb5 Rb1 54. Re8 Kf4 55. a5 b3 56. Kc4 b2 57. Kc3 Ra1 58. Kxb2 Rxa5 59.
Rf8+ Kg3 60. Kc2 Rd5 61. Rf7 e2 62. Re7 Kf2 63. Rf7+ Ke1 64. Rh7 Rc5+ 65. Kb2
Rf5 66. Kc2 Kf2 67. Rh2+ Ke3 0-1

[Event "Politiken Cup 2011"]
[Site "Helsingor"]
[Date "2011.07.31"]
[Round "3.9"]
[White "Hammer, Jon Ludvig"]
[Black "Larsen, Karsten"]
[Result "1/2-1/2"]
[WhiteElo "2610"]
[BlackElo "2323"]
[PlyCount "111"]
[EventDate "2011.??.??"]
[BlackTeam "K41"]

1. Nf3 Nf6 2. c4 g6 3. Nc3 Bg7 4. e4 d6 5. d4 O-O 6. Be2 c5 7. O-O cxd4 8. Nxd4
Nc6 9. Nc2 Be6 10. Be3 Qa5 11. Nd4 Nxd4 12. Bxd4 Rfc8 13. b3 Nd7 14. Bxg7 Kxg7
15. Qd3 a6 16. f4 Nf6 17. f5 Bd7 18. fxg6 hxg6 19. Nd5 Nxd5 20. exd5 Rh8 21.
Rae1 Qc5+ 22. Kh1 Rh4 23. g3 Rh7 24. Qc3+ Kg8 25. Bf3 Re8 26. Re3 a5 27. Rfe1
Kf8 28. a3 b6 29. b4 Qc7 30. Kg1 Bf5 31. Qd4 Bd7 32. Be4 Rh5 33. Bc2 Qd8 34. h4
Kg8 35. bxa5 bxa5 36. Qa7 Rh7 37. Rb1 e5 38. Rb7 Bc8 39. Rc7 Bf5 40. Re2 Qf6
41. Qxa5 Bxc2 42. Rxc2 g5 43. Rf2 Qg6 44. Qa4 Rf8 45. Qc2 e4 46. Re7 f5 47.
Rxh7 Kxh7 48. h5 Qe8 49. g4 Qe5 50. Rxf5 Rxf5 51. gxf5 Qxf5 52. Qf2 Qg4+ 53.
Qg2 Qf4 54. Qf2 Qg4+ 55. Qg2 Qf4 56. Qf2 1/2-1/2

[Event "Politiken Cup 2011"]
[Site "Helsingor"]
[Date "2011.07.31"]
[Round "3.10"]
[White "Rewitz, Poul"]
[Black "Hess, Robert L"]
[Result "0-1"]
[WhiteElo "2309"]
[BlackElo "2609"]
[PlyCount "52"]
[EventDate "2011.??.??"]
[WhiteTeam "Århus/skolerne"]

1. d4 g6 2. g3 Bg7 3. Bg2 d5 4. Nf3 Nf6 5. O-O O-O 6. Bf4 c6 7. Qc1 Bf5 8. c4
Na6 9. Nc3 dxc4 10. Rd1 Nb4 11. Ne5 Be6 12. e4 Ng4 13. Bf1 Nxe5 14. Bxe5 Bxe5
15. dxe5 Qb6 16. a3 Na6 17. Kg2 Nc5 18. Rb1 Rad8 19. Rxd8 Rxd8 20. Qg5 Rd7 21.
h4 Nb3 22. h5 Nd2 23. hxg6 hxg6 24. Bxc4 Nxc4 25. Rh1 Rd2 26. Nd1 Qd4 0-1

[Event "Politiken Cup 2011"]
[Site "Helsingor"]
[Date "2011.07.31"]
[Round "3.11"]
[White "Krasenkow, Michal"]
[Black "Veng, Johnny"]
[Result "1/2-1/2"]
[WhiteElo "2607"]
[BlackElo "2309"]
[PlyCount "103"]
[EventDate "2011.??.??"]
[BlackTeam "Nordre"]

1. d4 Nf6 2. c4 e6 3. Nf3 c5 4. d5 exd5 5. cxd5 d6 6. Nc3 g6 7. h3 Bg7 8. e4
O-O 9. Bd3 b5 10. Nxb5 Re8 11. O-O Nxe4 12. Re1 a6 13. Na3 Nf6 14. Rxe8+ Nxe8
15. Bg5 Qc7 16. Nc4 Nd7 17. Nfd2 Bb7 18. Qf3 Nef6 19. Bxf6 Nxf6 20. Ne4 Nxe4
21. Qxe4 a5 22. Re1 Ba6 23. b3 Bxc4 24. Bxc4 Qd8 25. g3 Bc3 26. Re2 Qf6 27. a4
Bd4 28. Kg2 Kg7 29. Qe7 Rd8 30. Bb5 Qxe7 31. Rxe7 Kf6 32. Rc7 g5 33. g4 h6 34.
Kf3 c4 35. bxc4 Ra8 36. Ke2 Ra7 37. Rc6 Ke5 38. Rc8 Kf6 39. Rh8 Kg7 40. Rd8 Bc5
41. Kd3 Re7 42. Bc6 Kf6 43. Ra8 Ra7 44. Rh8 Kg7 45. Rc8 Re7 46. Ra8 Ra7 47.
Rxa7 Bxa7 48. f3 Kf6 49. Ke4 Bc5 50. f4 Bb4 51. Kf3 Ke7 52. fxg5 1/2-1/2

[Event "Politiken Cup 2011"]
[Site "Helsingor"]
[Date "2011.07.31"]
[Round "3.12"]
[White "Bach, Matthias"]
[Black "Berg, Emanuel"]
[Result "1/2-1/2"]
[WhiteElo "2307"]
[BlackElo "2604"]
[PlyCount "50"]
[EventDate "2011.??.??"]
[BlackTeam "OSS"]

1. b4 d5 2. Bb2 Bf5 3. e3 e6 4. b5 Nf6 5. f4 Nbd7 6. Nf3 Bd6 7. Nc3 Qe7 8. Ne2
Bg4 9. Ned4 Ne4 10. Be2 e5 11. fxe5 Nxe5 12. Nxe5 Bxe5 13. O-O h5 14. d3 Nd6
15. Qd2 Rh6 16. Rae1 O-O-O 17. a4 Rg6 18. Bf3 Bxf3 19. Rxf3 Qh4 20. h3 Re8 21.
Ref1 Qg5 22. R1f2 Bg3 23. Re2 Be5 24. Ref2 Bg3 25. Re2 Be5 1/2-1/2